The skeptics guide to the global AIDS crisis : (Record no. 120043)
[ view plain ]
| 000 -LEADER | |
|---|---|
| fixed length control field | 01083cam a22002897a 4500 |
| 001 - CONTROL NUMBER | |
| control field | 14067145 |
| 003 - CONTROL NUMBER IDENTIFIER | |
| control field | ARRUPE |
| 005 - DATE AND TIME OF LATEST TRANSACTION | |
| control field | 20140212125233.0 |
| 008 - FIXED-LENGTH DATA ELEMENTS--GENERAL INFORMATION | |
| fixed length control field | 050808s2004 gauab bf 000 0 eng d |
| 010 ## - LIBRARY OF CONGRESS CONTROL NUMBER | |
| LC control number | 2005299475 |
| 035 ## - SYSTEM CONTROL NUMBER | |
| System control number | (OCoLC)ocm60573894 |
| 040 ## - CATALOGING SOURCE | |
| Original cataloging agency | JQW |
| Transcribing agency | JQW |
| Modifying agency | DLC |
| 042 ## - AUTHENTICATION CODE | |
| Authentication code | lccopycat |
| 050 00 - LIBRARY OF CONGRESS CALL NUMBER | |
| Classification number | RA643.8 |
| Item number | .B68 2006 |
| 300 ## - PHYSICAL DESCRIPTION | |
| Dimensions | 22 cm. |
| 100 1# - MAIN ENTRY--PERSONAL NAME | |
| Personal name | Bourke, Dale Hanson. |
| 9 (RLIN) | 8619 |
| 245 14 - TITLE STATEMENT | |
| Title | The skeptics guide to the global AIDS crisis : |
| Remainder of title | tough questions, direct answers / |
| Statement of responsibility, etc | Dale Hanson Bourke. |
| 250 ## - EDITION STATEMENT | |
| Edition statement | revised edition |
| 260 ## - PUBLICATION, DISTRIBUTION, ETC. (IMPRINT) | |
| Place of publication, distribution, etc | Colarado Springs |
| Date of publication, distribution, etc | 2006 |
| 300 ## - PHYSICAL DESCRIPTION | |
| Extent | 104p. |
| 500 ## - GENERAL NOTE | |
| General note | Includes bibliographical references (p. 84-85). |
| 650 #0 - SUBJECT ADDED ENTRY--TOPICAL TERM | |
| Topical term or geographic name as entry element | AIDS (Disease) |
| General subdivision | Epidemiology |
| Form subdivision | Handbooks, manuals, etc. |
| 9 (RLIN) | 8620 |
| 650 #0 - SUBJECT ADDED ENTRY--TOPICAL TERM | |
| Topical term or geographic name as entry element | AIDS (Disease) |
| Form subdivision | Handbooks, manuals, etc. |
| 9 (RLIN) | 8621 |
| 650 #0 - SUBJECT ADDED ENTRY--TOPICAL TERM | |
| Topical term or geographic name as entry element | World health |
| Form subdivision | Handbooks, manuals, etc. |
| 9 (RLIN) | 8622 |
| 906 ## - LOCAL DATA ELEMENT F, LDF (RLIN) | |
| a | 7 |
| b | cbc |
| c | copycat |
| d | 2 |
| e | ncip |
| f | 20 |
| g | y-gencatlg |
| 942 ## - ADDED ENTRY ELEMENTS (KOHA) | |
| Source of classification or shelving scheme | Library of Congress Classification |
| Koha item type | Monograph ( Printed materials) |
| Withdrawn status | Lost status | Source of classification or shelving scheme | Damaged status | Not for loan | Home library | Current library | Shelving location | Date acquired | Total Checkouts | Full call number | Barcode | Date last seen | Date checked out | Price effective from | Koha item type |
|---|---|---|---|---|---|---|---|---|---|---|---|---|---|---|---|
| Library of Congress Classification | ARRUPE LIBRARY | ARRUPE LIBRARY | Main Collection | 12/02/2014 | 1 | RA643.8 .B68 2006 | 46410640 | 02/07/2019 | 11/11/2015 | 12/02/2014 | Monograph ( Printed materials) |